[Event "Moscow op-A"]
[Site "Moscow"]
[Date "2009.02.06"]
[Round "7"]
[White "Tiviakov, Sergei"]
[Black "Vaganian, Rafael A"]
[Result "1-0"]
[WhiteElo "2685"]
[BlackElo "2596"]
[Annotator "Tiviakov,S"]
[PlyCount "77"]
[EventDate "2009.01.31"]
[EventType "swiss"]
[EventRounds "9"]
[EventCountry "RUS"]
[SourceTitle "CBM 128 Extra"]
[Source "ChessBase"]
[SourceDate "2009.03.05"]
[SourceVersion "2"]
[SourceVersionDate "2009.03.25"]
[SourceQuality "1"]

{This game from the 7th round of the tournament was very important for my
overall success, the 2nd place in such a strong event. It was my last game
with White and it tumed out to be the last game I won in Moscow.} 1. e4 Nf6 (
1... e6 {is the other main move of Rafael Vaganian against 1.e4. During my
preparation I spent lot of time looking at all lines of the French Defence
ever played by my opponent before - I was very well prepared!}) 2. e5 Nd5 3. d4
d6 4. Nf3 g6 {The most frequently played line by R. Vaganian in the Alekhine
Defence. Previously, in 1991 and 1993 this move has already been seen on the
board in our encounters.} 5. Bc4 c6 6. exd6 Qxd6 7. O-O Bg7 ({The structure
and the type of the positions in the Alekhine Defence very often are quite
similar to the ones arising from the Scandinavian Defence, which I have been
playing constantly since 2005. Usually Black suffers a lot if he fails to
exchange his c8-bishop which has no clear prospects at all. So, I believe, the
best option is to get rid off the bishop on c8 by} 7... Bg4 $5 {immediately,
although even then Black has to play carefully in order not to find himself in
a difficult position.}) 8. h3 $1 ({The strongest move in the position,
preventing the exchange of the c8-bishop. Other moves are} 8. Re1) ({and} 8.
Nbd2) 8... O-O 9. Nbd2 ({White can choose a different order of moves to finish
his development. I prefer the way I play...} 9. Re1) (9. Bb3 {are the
alternatives.}) 9... Nd7 (9... Bf5) 10. Bb3 {Two months before the same
position was on the board in my game against N. de Firmian, which was also won
by me very convincingly.} b6 $146 ({This move is new (although it is doubtful
whether the square a6 is the best one for the bishop)} 10... Qc7) (10... b5) (
10... e6 {have been tried here before}) (10... N7f6 {took place in the above
mentioned game Tiviakov - de Firmian, Gjovik 2008/09.}) 11. Ne4 ({or} 11. Re1)
11... Qc7 12. Bg5 N7f6 13. Re1 ({After} 13. Qe2 $6 Nxe4 14. Qxe4 Bf5 $11 {
Black wins time for the development.}) 13... Ba6 $6 ({I would have preferred} 
13... Nxe4 14. Rxe4 Bf5 {although still after} 15. Re1 $14 {White is better.})
14. Qd2 ({It was also possible to exchange on f6 by} 14. Nxf6+ $5 Nxf6 (14...
Bxf6 15. Bxd5 (15. Qd2 $14) (15. c4 $5) 15... cxd5 16. Bxf6 $14) 15. Qd2 $14 {
with advantage. But I wanted to keep the pressure in the centre with more
pieces on board.}) 14... Rad8 ({After} 14... Nxe4 15. Rxe4 e6 (15... Nf6 16.
Ree1 $14 (16. Rh4 $5 {/\Bh6->>>})) 16. Bh6 $36 {White gets the possibility to
create attack on the kingside. The rook can be transferred to h4!}) 15. Nxf6+
$1 ({A very strong and simple move. After} 15. Ng3 c5 16. c4 Nb4 $14 {the game
is far from clear. Black has reasonable counterplay.}) 15... exf6 ({After} 
15... Nxf6 16. Qe3 $16 {Black has problems defending the pawn on e7. The best
move here can be} Rde8 (16... Rfe8 $4 {for example, loses after} 17. Bxf7+ Kxf7
18. Qe6+ Kf8 19. Ne5 $18) (16... e6 17. Qe5 Qe7 18. Qf4 $16 {is also bad for
Black.}) (16... Rd7 17. Ne5 (17. Bf4))) (15... Bxf6 16. c4 (16. Bxf6 Nxf6 17.
Qh6 c5 $14 18. Ng5 $140 c4 19. Re6 Rd5 20. Rxf6 Rxg5 $19) (16. Bh6 $5) 16...
Bxg5 17. Qxg5 Nf6 18. Re5 $16) 16. Bh4 $16 {Now White has a pawn majority in
the centre and on the queenside while the black doubled pawns on the kingside
can never be strong. White has a long lasting advantage.} Ne7 17. Bg3 Qb7 18.
c3 Nf5 ({Black is trying to create a counter-play against the d4-pawn.} 18...
c5 $5 {immediately deserved serious attention since after the text Black loses
a lot of time playing with the knight which is being attacked by the white
pieces.}) 19. Bf4 c5 20. Bc2 Nd6 (20... cxd4 21. Bxf5 dxc3 22. Qxc3 gxf5 23.
Nd4 $16 {cannot be preferred.}) ({or} 20... Ne7 21. Rad1 $16 {with a huge
advantage for White.}) 21. dxc5 Nc4 22. Qc1 bxc5 23. b3 Nd6 24. c4 {The pawn
on c5 is fixed. Now the technical stage of the game comes... White must try to
exchange as many pieces as possible, not allowing Black to occupy the square
d4.} Qb6 (24... f5 {can be answered by} 25. Bh6 $16 {quite similar to the game.
} (25. Be5 $5)) 25. Re7 {Active play is important to limit Black's
possibilities! White is ready to play Qc1-e3.} f5 (25... Bb7 26. Qe3) (25...
Rfe8 26. Qe3 {/\Bd6}) 26. Bh6 $5 Bf6 27. Bxf8 Rxf8 28. Re1 (28. Re2 Bxa1 29.
Qxa1 $16 {was also possible. The rook on e2 can be better placed than on e1.})
28... Bxa1 29. Qxa1 Bb7 30. Ne5 Qc7 $6 ({The last chance for the defence was
in the exchange of the active white knight by} 30... f6 31. Nd3 (31. Nd7 $4 Qc6
$19 {loses a piece}) 31... Be4 32. Qc3 Bxd3 $16 {although even then White's
huge advantage remains unquestionable.}) 31. f3 $1 {[Immediately taking the
square e4 under control!]} Rd8 32. Nd3 {Now the c5-pawn comes under attack.} a5
({Tactical measures are not sufficient. Black loses after} 32... Bxf3 33. gxf3
Ne4 (33... Nxc4 34. bxc4 Qg3+ 35. Kf1 Qxf3+ (35... Qxh3+ 36. Ke2 $18) 36. Nf2
$18) 34. Qe5 $18) ({But} 32... Qa5 $142 $16 {keeping the eye on the square d2
could have prolonged resistance.}) 33. Qf6 $18 ({Now the game is over. Black
loses the pawn on c5.} 33. Re5 {immediately was also possible.}) 33... Re8 ({or
} 33... a4 34. Re7 $18 {winning}) 34. Re5 Qb8 35. Rxe8+ Nxe8 36. Qe7 Ng7 37.
Ne5 Qe8 38. Qxe8+ Nxe8 39. Nd3 {The pawn on c5 falls and with 2 passed pawns
on the queenside Black has not the slightest chance of surviving, so he
resigned.} 1-0

[Event "Gjovik op"]
[Site "Gjovik"]
[Date "2009.01.06"]
[Round "8"]
[White "Tiviakov, Sergei"]
[Black "De Firmian, Nick E"]
[Result "1-0"]
[WhiteElo "2686"]
[BlackElo "2545"]
[Annotator "Tiviakov,S"]
[PlyCount "78"]
[EventDate "2008.12.29"]
[EventType "swiss"]
[EventRounds "9"]
[EventCountry "NOR"]
[SourceTitle "CBM 130 Extra"]
[Source "ChessBase"]
[SourceDate "2009.07.02"]
[SourceVersion "2"]
[SourceVersionDate "2009.07.15"]
[SourceQuality "1"]

1. e4 Nf6 2. e5 Nd5 3. d4 d6 4. Nf3 g6 5. Bc4 c6 6. O-O Bg7 7. exd6 Qxd6 8. h3
O-O 9. Nbd2 Nd7 10. Bb3 N7f6 (10... b6 {- Tiviakov - Vaganian, Moscow (open)
2009}) 11. Nc4 Qc7 $146 (11... Qd8 12. Nce5 a5 13. c3 Bf5 14. Re1 $16 Rc8 15.
c4 Nb4 16. Qe2 h6 17. Be3 Be6 18. a3 Na6 19. Rad1 Qe8 20. Qd2 b5 21. Bxh6 a4
22. Ba2 Rd8 23. Nxg6 {1-0 Piccoli,F-Luk,L/ICCF email 2003/Corr 2006 (23)}) 12.
Nce5 Bf5 (12... b5 $5) 13. c4 Nb6 14. Bf4 Qd8 15. Qe2 (15. Re1 $5) 15... Nfd7
16. Rad1 Nxe5 17. Nxe5 $1 (17. dxe5 Qc8 $14) 17... a5 $5 (17... Nd7 18. Nf3 $16
(18. g4 $5 Nxe5 (18... Be6 19. d5 Nxe5 20. dxe6 Qa5 21. Rfe1 $16) 19. dxe5 Bd7
20. e6 fxe6 21. c5 Rxf4 22. Rxd7 $16)) 18. g4 $1 (18. a3 Nd7 $1 19. g4 $140
Nxe5 20. dxe5 Qb6 $14) 18... Bc8 (18... a4 19. gxf5 axb3 20. axb3 gxf5 21. Kh2
$16 {->>>}) (18... Be6 19. a4 $16) 19. Rfe1 (19. a3 $5) (19. a4) 19... a4 20.
Bc2 {()} e6 (20... Be6 $5 {><c4}) 21. Bg3 Nd7 22. h4 Qb6 (22... Nxe5 23. dxe5
$16 {ץc8}) 23. Bb1 Nf6 (23... Nxe5 24. dxe5 $16) 24. h5 c5 25. dxc5 Qxc5 26.
Qf3 {->>>} Ra6 (26... Ra5 27. Bh4 Ne8 28. Nd7 Bxd7 29. Rxd7 $16) 27. Bh4 Ne8
28. Nd7 Bxd7 29. Rxd7 Qxc4 (29... g5 30. Bg3 Bxb2 31. Rxb7 $16 (31. Qd3 Nf6 32.
Rxb7 $16)) 30. Be7 Qc6 (30... Nf6 31. Rxb7 Qxg4+ 32. Qxg4 Nxg4 33. Bxf8 $18 {
_|_}) 31. Qxc6 bxc6 32. g5 $1 {(><f6, צf8, Ne8)} Bxb2 33. Re3 Ng7 (33... Ra5
$142 34. Rf3 (34. Be4 $5 Bc1 35. Rg3 Ng7 36. Bxf8 Kxf8 $16) 34... f6 (34... Rd5
35. Rb7 Rd1+ 36. Kg2 Rxb1 37. Bxf8 $18) 35. hxg6 Rxg5+ 36. Rg3 Rxg3+ 37. fxg3
hxg6 38. Bxg6 Ng7 39. Bxf8 Kxf8 40. Rf7+ Kg8 41. Rc7 Kf8 42. Rxc6 f5 43. Rc7
$18) 34. Bxf8 Kxf8 35. h6 $18 Nf5 36. Bxf5 gxf5 37. Red3 Ra8 (37... e5 38. R3d6
$18) 38. Rb7 Bc1 39. Rdd7 Bxg5 1-0

[Event "RUS-ch"]
[Site "Elista"]
[Date "1996.??.??"]
[Round "9"]
[White "Varavin, Viktor"]
[Black "Dyachkov, Sergej"]
[Result "1-0"]
[WhiteElo "2520"]
[BlackElo "2515"]
[Annotator "Tyomkin,D"]
[PlyCount "91"]
[EventDate "1996.10.15"]
[EventType "swiss"]
[EventRounds "11"]
[EventCountry "RUS"]
[SourceTitle "CBM 056"]
[Source "ChessBase"]
[SourceDate "1997.02.01"]
[SourceVersion "1"]
[SourceVersionDate "1997.02.01"]
[SourceQuality "1"]

1. e4 {Gershon,A} Nf6 2. e5 Nd5 3. d4 d6 4. Nf3 g6 5. Bc4 Nb6 6. Bb3 Nc6 7. e6
fxe6 8. Ng5 (8. h4 e5 9. dxe5 Bg4 10. Qe2 Bg7 11. Bf7+ Kxf7 12. Ng5+ Ke8 13.
Qxg4 Nxe5 $17 {Polgar,J-Hunsen,Cu/Aabenraa '25/1989/0:1}) 8... Bg7 9. c3 $5
$146 (9. Bxe6 Rf8 10. d5 Nd4 11. Bxc8 Qxc8 12. O-O Qf5 13. Nc3 h6 (13... Nxc2
$2 14. Ne6 Bxc3 15. bxc3 $16 {[%csl Gc2]}) 14. Be3 Nxd5 15. Nxd5 Qxd5 16. Bxd4
Bxd4 17. Nf3 Rxf3 $1 18. Qxf3 Qxf3 19. gxf3 Bxb2 20. Rab1 Bd4 $15 {Raaste,
E-Rantanen,Y/Helsinki/1981/0:1}) 9... d5 10. f4 {White has got a very solid
position for the pawn.Instead of taking the e6 pawn which opens the lines and
gives black a comfortable play, in the game white consolidates first the
position and then starts in action} Bh6 $6 (10... O-O $142 11. O-O e5 12. fxe5
(12. dxe5 h6 13. Nf3 Bf5 14. Be3 Nc4 $13) 12... Bf5 13. g4 Bxb1 (13... Bc8 14.
e6 Qd6 15. Rxf8+ Bxf8 16. Qf3 Bxe6 $8 17. Bf4 Qd7 18. Bxc7 $14) 14. Rxb1 Qd7
15. Rf7 Nd8 16. Rxf8+ Bxf8 17. Qf3 $14) 11. h4 Bxg5 12. hxg5 e5 13. dxe5 (13.
fxe5 O-O $15) 13... Bf5 14. Be3 Nc4 15. Bxc4 dxc4 16. Qxd8+ Rxd8 17. Na3 Rd3
18. Kf2 Be6 19. Nc2 O-O 20. Ne1 Rd5 (20... Nxe5 $2 21. Nxd3 Nxd3+ 22. Kg3 Nxb2
23. Rab1 Na4 24. Rxb7 Nxc3 25. Rxa7 $16) 21. Nf3 Rb5 22. Bc1 Rd8 23. Ke2 Bg4
24. a4 Rb6 {[%csl Gb6] Black locks up his rook.} (24... Rbd5 $142 25. Be3 Bf5
$15) 25. Ra2 Rd3 26. Be3 Rb3 27. Bc5 a5 28. Rd1 b6 29. Ba3 Nb4 30. Bxb4 Rxd1
31. Kxd1 axb4 32. Kd2 Bxf3 33. gxf3 c5 $4 (33... bxc3+ 34. bxc3 Rb1 $10) 34.
Kc2 $1 {[%csl Gb3]} Kf7 35. f5 gxf5 36. f4 bxc3 37. bxc3 Ke6 38. Ra1 Kd5 39.
Rh1 {[%csl Gb3,Gb6,Ge7,Gf5,Gh7] White's first!} Ra3 40. Rxh7 Rxa4 41. Rxe7 $18
Ra2+ 42. Kb1 Rg2 43. Rd7+ Ke4 (43... Ke6 $142 44. Rb7 (44. Rd6+ Ke7 45. Rf6 b5
$132) 44... Rf2 45. Rxb6+ Ke7 $16) 44. e6 Kxf4 45. e7 Re2 46. g6 1-0

[Event "URS-ch50 Semifinal"]
[Site "Ivano Frankivsk"]
[Date "1982.07.??"]
[Round "?"]
[White "Yudasin, Leonid"]
[Black "Kakageldyev, Amanmurad"]
[Result "1-0"]
[WhiteElo "2405"]
[BlackElo "2365"]
[Annotator "Yudasin,L"]
[PlyCount "85"]
[EventDate "1982.07.??"]
[EventType "tourn"]
[EventRounds "16"]
[EventCountry "URS"]
[SourceTitle "EXT 2009"]
[Source "ChessBase"]
[SourceDate "2008.11.26"]
[SourceVersion "1"]
[SourceVersionDate "2008.11.26"]
[SourceQuality "1"]

1. e4 Nf6 2. e5 Nd5 3. d4 d6 4. Nf3 g6 5. Bc4 Nb6 6. Bb3 Bg7 7. Ng5 d5 8. f4 f6
(8... O-O 9. O-O f6 10. Nf3 Nc6 11. c3 fxe5 12. fxe5 Bg4 13. Rf2 e6 14. Nbd2)
9. Nf3 Nc6 10. c3 (10. Be3 Na5 {[%cal Ga5c4]}) 10... Bf5 11. Nh4 Bxb1 (11...
Be4 $2 12. Nd2 Bd3 13. Qf3 Ba6 14. f5 $40) 12. Rxb1 f5 13. Bc2 e6 14. Nf3 Qd7 (
14... O-O 15. g4 $1 fxg4 16. Ng5 h6 17. Nxe6 (17. Qxg4 $5 {:Laios} hxg5 18.
Qxe6+ Rf7 19. Bxg6) 17... Qh4+ 18. Ke2 {[%cal Gd1e1]}) 15. O-O (15. Bd3 a5 16.
Bb5 $1 {[%cal Gc3c4]}) 15... Bf8 $1 (15... O-O 16. Ne1 {[%cal Ge1d3,Yd3c5]})
16. b3 (16. Ne1 Nc4 17. Nd3 b6 18. b3 Na3) 16... Nd8 (16... Rc8 17. Be3 {
[%cal Ga2a4]} (17. Bd3 {[%cal Ga2a4]})) 17. Be3 (17. a4 c5 18. a5 Nc8 19. dxc5
Bxc5+ 20. Kh1 a6 $1) 17... Rc8 18. a4 c5 19. a5 Na8 20. dxc5 $1 (20. Bd3 Be7
21. c4 cxd4 22. Bxd4 Nc6 {[%cal Ga8c7]}) 20... Bxc5 21. Bxc5 (21. Nd4 Bxd4 $1
22. Bxd4 Nc6) 21... Rxc5 22. b4 $1 Rxc3 23. Ba4 Nc6 24. Nd4 (24. b5 Nxa5 25. b6
(25. Qd2 d4 $1) 25... Nc6 26. bxa7 O-O) (24. Qd2 Ra3) 24... O-O (24... a6 $2
25. b5 axb5 (25... Nxd4 26. bxa6 $1) 26. Nxb5 Rc4 27. Nd6+ Ke7 $6 28. Qe1 {
[%cal Ge1h4]}) 25. Nb5 Rc4 (25... Re3 26. Qd2 Re4 27. Nd6) 26. Nd6 Rc3 27. a6
$1 {[%csl Rc6]} bxa6 (27... Nb6 28. axb7 Nxa4 29. Qxa4 Nxe5 30. Qa1) 28. Rc1 d4
29. Rxc3 dxc3 30. Qb3 (30. Qf3 $6 Nxe5 31. Bxd7 Nxf3+ 32. gxf3 (32. Rxf3 c2 33.
Rc3 Rd8 34. Bxe6+ Kf8 $11) 32... Rd8 33. Bxe6+ Kg7 {[%csl Rb4,Rf4]}) 30... Nc7
(30... Nb6 $2 31. Bxc6 Qxc6 32. Qxe6+ Kh8 (32... Kg7 33. Nxf5+) 33. Nf7+) (
30... Kh8 31. Qxc3 Nd4 32. Bxd7 Ne2+ 33. Kf2 Nxc3 34. Bxe6) (30... Kg7 31. Qxc3
Nd4 32. Qxd4 $1) (30... Nd4 31. Bxd7 Nxb3 32. Bxe6+) 31. Rd1 $1 {/\ 32.Nxf5}
Rd8 (31... Nb5 32. Nxb5) (31... Nd5 32. Rxd5 exd5 33. Qxc3 $1 Nd4 34. Bxd7 Ne2+
35. Kf1 Nxc3 36. e6 $1) (31... Rb8 32. Qxc3 Nd4 33. Qa1 Ne2+ 34. Kf2 Qe7 35.
Kxe2 Qh4) 32. Qxc3 Nd4 33. Qa1 $1 Ne2+ (33... Nc6 34. Kf1 {[%cal Ga1c3]}) 34.
Kf2 Qe7 35. Kxe2 Qh4 36. Qc1 Nd5 37. Rxd5 exd5 38. Qc7 Rf8 39. e6 Qg4+ 40. Kd3
Qxf4 41. e7 Qf1+ 42. Kc2 Qe2+ 43. Kb1 1-0

[Event "RUS-chT2"]
[Site "Orel"]
[Date "1996.??.??"]
[Round "?"]
[White "Zhelnin, Vladimir V"]
[Black "Dyachkov, Sergej"]
[Result "1-0"]
[WhiteElo "2470"]
[BlackElo "2505"]
[Annotator "Zhelnin,V"]
[PlyCount "59"]
[EventDate "1996.??.??"]
[EventType "team"]
[EventRounds "9"]
[EventCountry "RUS"]
[SourceTitle "EXT 1999"]
[Source "ChessBase"]
[SourceDate "1998.11.16"]
[SourceVersion "1"]
[SourceVersionDate "1998.11.16"]
[SourceQuality "1"]

1. e4 Nf6 2. e5 Nd5 3. d4 d6 4. Nf3 Nc6 (4... dxe5) 5. c4 Nb6 6. Nc3 $146 (6.
e6) 6... Bg4 7. exd6 cxd6 8. Be3 e6 9. h3 Bh5 10. d5 $1 exd5 11. cxd5 Ne5 12.
Bb5+ Nbd7 13. Nxe5 $3 Bxd1 14. Bxd7+ Ke7 15. Nc6+ $1 bxc6 16. dxc6 {/\ Nd5#}
Qa5 (16... Qxd7 17. cxd7 Bh5 18. Nd5+ Kxd7 19. Rc1 $16) 17. Rxd1 Rd8 18. b4 $1
Qxb4 19. O-O Qxc3 20. Bd4 Qc4 21. Rfe1+ Qe6 22. Bxe6 fxe6 23. Rb1 $18 Kf7 24.
Rb7+ Be7 25. Bxg7 Rhg8 26. Bd4 Rc8 27. Rc1 a6 28. f4 Rg3 $138 29. Bf2 Rg7 30.
Ra7 1-0